000 00657 a2200253 4500
260 _aAlger
630 _a33 - Economie. Economie politique
037 _b1, Achat
650 _a3 - SCIENCES SOCIALES
100 _aSid Ahmed, Abdelkader
260 _bOffice des publications universitaires
245 _aCroissance et développement : théories et politiques. Tome 1
300 _a856 P.
650 _aCroissance économique
650 _aEconomie : développement
260 _c1981
300 _b21 cm
100 _lFr
037 _aDE 4485
250 _a2è èd.
650 _aDéveloppement économique
999 _c38390
_d38390